LEADER 00864nam0 2200253 450 001 9911070326103321 005 20260323121723.0 010 $a978-94-035-2508-2 100 $a20260323d2024----km y0itay50 ba 101 0 $aeng 102 $aNL 105 $ay 001yy 200 1 $a<>empirical study of the fair and equitable treatment standard clause$ehow tribunals have examined its relationship with the minimum standard$fPatrick Dumberry 210 $aAlphen aan den Rijn$cWolters Kluwer$dc2024 215 $aXIII, 197 p.$d24 cm 676 $a341.522$v23$zita 700 1$aDumberry,$bPatrick$0502710 801 0$aIT$bUNINA$gREICAT$2UNIMARC 901 $aBK 912 $a9911070326103321 952 $aX K 181$b2025/2606$fFGBC 959 $aFGBC 996 $aEmpirical study of the fair and equitable treatment standard clause$94555543 997 $aUNINA